100 años de diseño suizo / (Record no. 20838)
[ view plain ]
| 000 -CABECERA | |
|---|---|
| campo de control de longitud fija | 01398nam a2200337 4500 |
| 003 - IDENTIFICADOR DEL NÚMERO DE CONTROL | |
| campo de control | MX-MxINE |
| 005 - FECHA Y HORA DE LA ÚLTIMA TRANSACCIÓN | |
| campo de control | 20260601171020.0 |
| 008 - DATOS DE LONGITUD FIJA--INFORMACIÓN GENERAL | |
| campo de control de longitud fija | 260520b2017\\\\mx\a||||\||||\00|\0\spa\d |
| 020 ## - NÚMERO INTERNACIONAL ESTÁNDAR DEL LIBRO | |
| Número Internacional Estándar del Libro | 9786076054895 |
| 040 ## - FUENTE DE LA CATALOGACIÓN | |
| Centro catalogador/agencia de origen | ICI |
| Lengua de catalogación | spa |
| Centro/agencia transcriptor | ICI |
| Normas de descripción | rda |
| 041 ## - CÓDIGO DE LENGUA | |
| Código de lengua del texto/banda sonora o título independiente | spa |
| Código de lengua del material acompañante/anejo si no son libretos | eng |
| 050 ## - SIGNATURA TOPOGRÁFICA DE LA BIBLIOTECA DEL CONGRESO | |
| Número de clasificación | NK1464.A1 |
| Número de documento/Ítem | C54 |
| 100 #1 - ENTRADA PRINCIPAL--NOMBRE DE PERSONA | |
| Nombre de persona | Torres, Francisco/Leon, Luis Miguel, |
| Término indicativo de función/relación | editor |
| 9 (RLIN) | 34467 |
| 245 ## - MENCIÓN DE TÍTULO | |
| Título | 100 años de diseño suizo / |
| Mención de responsabilidad, etc. | Francisco Torres, Luis Miguel León, edición ; Daniela Ibarra, traducción inglés = 100 years of swiss design / Francisco Torres, Luis Miguel León, edition ; Daniela Ibarra, english translation |
| 246 #3 - FORMA VARIANTE DE TÍTULO | |
| Título propio/Titulo breve | 100 years of swiss design |
| 246 #3 - FORMA VARIANTE DE TÍTULO | |
| Título propio/Titulo breve | Cien años de diseño suizo |
| 246 #3 - FORMA VARIANTE DE TÍTULO | |
| Título propio/Titulo breve | One hundred years of swiss design |
| 250 ## - MENCIÓN DE EDICIÓN | |
| Mención de edición | Primera edición = |
| Resto de la mención de edición | First edition |
| 264 ## - PRODUCCIÓN, PUBLICACIÓN, DISTRIBUCIÓN, FABRICACIÓN Y COPYRIGHT | |
| Producción, publicación, distribución, fabricación y copyright | Ciudad de México: |
| Nombre del de productor, editor, distribuidor, fabricante | Instituto Nacional de Bellas Artes : |
| -- | Embajada de Suiza en México, |
| Fecha de producción, publicación, distribución, fabricación o copyright | 2017 |
| 300 ## - DESCRIPCIÓN FÍSICA | |
| Extensión | 211 páginas : |
| Otras características físicas | ilustraciones a color |
| 336 ## - TIPO DE CONTENIDO | |
| Fuente | rdacontent |
| Término de tipo de contenido | texto |
| 337 ## - TIPO DE MEDIO | |
| Fuente | rdamedia |
| Nombre/término del tipo de medio | sin medio |
| 338 ## - TIPO DE SOPORTE | |
| Fuente | rdacarrier |
| Nombre/término del tipo de soporte | volumen |
| 650 ## - PUNTO DE ACCESO ADICIONAL DE MATERIA--TÉRMINO DE MATERIA | |
| Término de materia o nombre geográfico como elemento de entrada | Diseño |
| Subdivisión de forma | Exposiciones |
| Subdivisión geográfica | Suiza |
| 9 (RLIN) | 34468 |
| 650 ## - PUNTO DE ACCESO ADICIONAL DE MATERIA--TÉRMINO DE MATERIA | |
| Término de materia o nombre geográfico como elemento de entrada | Diseño |
| Subdivisión general | Historia |
| Subdivisión geográfica | Suiza |
| 9 (RLIN) | 34469 |
| 650 ## - PUNTO DE ACCESO ADICIONAL DE MATERIA--TÉRMINO DE MATERIA | |
| Término de materia o nombre geográfico como elemento de entrada | Diseño |
| Subdivisión de forma | Exposiciones |
| Subdivisión geográfica | Ciudad de México |
| 9 (RLIN) | 34470 |
| 700 ## - PUNTO DE ACCESO ADICIONAL--NOMBRE DE PERSONA | |
| Nombre de persona | Torres, Francisco, |
| Término indicativo de función/relación | editor |
| 9 (RLIN) | 34471 |
| 700 ## - PUNTO DE ACCESO ADICIONAL--NOMBRE DE PERSONA | |
| Nombre de persona | Leon, Luis Miguel, |
| Término indicativo de función/relación | editor |
| 9 (RLIN) | 29519 |
| 700 ## - PUNTO DE ACCESO ADICIONAL--NOMBRE DE PERSONA | |
| Nombre de persona | Ibarra, Daniela, |
| Término indicativo de función/relación | traductor |
| 9 (RLIN) | 29520 |
| 942 ## - ELEMENTOS DE PUNTO DE ACCESO ADICIONAL (KOHA) | |
| Fuente del sistema de clasificación o colocación | Library of Congress Classification |
| Suprimir en OPAC | 1 |
| Tipo de ítem Koha | Libros |
No items available.